[Event "SEMI B048 email"]
[Site "SEMI email"]
[Date "2005.06.20"]
[Round "?"]
[White "Medinilla, Daniel Garcia"]
[Black "Furlotti, Guido"]
[Result "0-1"]
[WhiteElo "1600"]
[BlackElo "1000"]
[PlyCount "26"]
[EventDate "2005.06.20"]
[EventType "tourn (corr)"]
[EventRounds "6"]
[EventCountry "ITA"]
[SourceTitle "Corr 2008"]
[Source "ChessBase"]
[SourceDate "2008.06.24"]
[SourceVersion "1"]
[SourceVersionDate "2008.06.24"]
[SourceQuality "1"]

1. e4 e5 2. Nf3 Nf6 3. Nxe5 d6 4. Nf3 Nxe4 5. Nc3 Nxc3 6. dxc3 Be7 7. Be3 0-0 8. Bd3 Nd7 9. 0-0 Ne5 10. Nxe5 dxe5 11. Qh5 g6 12. Qxe5 Qd6 13. Qe4 Qe6 0-1